[Event "otb"]
[Site "otb"]
[Date "2007.05.03"]
[Round "1"]
[White "Yemelin Vasily"]
[Black "Abasheev Denis"]
[Result "0-1"]
[WhiteElo "2564"]
[BlackElo "2419"]
[PlyCount "86"]
[Source "www.chesslib.no"]
[SourceDate "2004.05.04"]

1. e4 c5 2. Nf3 e6 3. d3 d5 4. Qe2 Nf6 5. g3 Be7 6. Bg2 Nc6 7. O-O b5 8. Re1 Bb7 9. Nbd2 b4 10. h4 a5 11. c4 dxe4 12. Nxe4 Nxe4 13. Qxe4 Ra7 14. Qe2 Ba8 15. Be3 Rd7 16. a3 b3 17. Rad1 O-O 18. g4 Qc7 19. g5 Rfd8 20. h5 Ne5 21. Nxe5 Qxe5 22. f4 Qf5 23. Bxa8 Rxa8 24. Rd2 Rad8 25. Red1 a4 26. Kg2 f6 27. gxf6 Bxf6 28. Kg3 Bd4 29. Kg2 Bxe3 30. Qxe3 Qg4+ 31. Qg3 Qxh5 32. d4 Rxd4 33. Rxd4 Rxd4 34. Rxd4 cxd4 35. Qe1 Qg4+ 36. Kh1 Kf7 37. Qd2 Qh5+ 38. Kg2 Qg4+ 39. Kf2 e5 40. fxe5 Qf5+ 41. Kg1 Qb1+ 42. Kf2 Qc2 43. Ke1 Qxd2+ 0-1

[Event "Penta Media GM"]
[Site "Kelamabakkam"]
[Date "2000.08.20"]
[Round "7"]
[White "Iuldachev, Saidali"]
[Black "Reefat, Bin Sattar"]
[Result "0-1"]
[WhiteElo "2515"]
[BlackElo "2467"]
[PlyCount "80"]
[EventDate "2000.08.14"]
[Source "ChessBase"]
[SourceDate "2000.11.21"]

1. e4 c5 2. Nf3 e6 3. d3 Nc6 4. g3 d5 5. Qe2 Nf6 6. Bg2 Be7 7. O-O O-O 8. e5 Nd7 9. c4 f6 10. exf6 Nxf6 11. Nc3 Nd4 12. Qd1 a6 13. Re1 Kh8 14. Bg5 Nxf3+ 15. Bxf3 d4 16. Nb1 Qb6 17. Nd2 Bd7 18. Qb3 Qa5 19. Re2 Ra7 20. h4 Qd8 21. Bxb7 h6 22. Bxf6 gxf6 23. Bg2 Bc8 24. Rae1 f5 25. Nf3 Bd6 26. Ne5 Rg7 27. h5 Bxe5 28. Rxe5 f4 29. Qb8 fxg3 30. fxg3 Rxg3 31. Rxe6 Rxg2+ 32. Kxg2 Rg8+ 33. Kf2 Qh4+ 34. Ke2 Bxe6 35. Qe5+ Rg7 36. Kd2 Bf7 37. Kc2 Qxh5 38. Qe4 Qg4 39. Qa8+ Kh7 40. Qxa6 Qg2+ 0-1

[Event "It"]
[Site "Piestany"]
[Date "2004.11.24"]
[Round "9"]
[White "Hasangatin, Ramil"]
[Black "Mrva, Martin"]
[Result "1/2-1/2"]
[WhiteElo "2474"]
[BlackElo "2507"]
[PlyCount "68"]
[EventDate "2004.11.17"]
[Source "Roberto Alvarez"]
[SourceDate "2004.11.29"]

1. e4 c5 2. Nf3 e6 3. d3 Nc6 4. g3 d5 5. Qe2 Qa5+ 6. Nbd2 Nb4 7. Nb3 Nxd3+ 8. Kd1 Nxc1 9. Kxc1 Qc7 10. exd5 Be7 11. dxe6 Bxe6 12. Qe5 O-O-O 13. Qxc7+ Kxc7 14. Nbd2 Nf6 15. Bc4 Bxc4 16. Nxc4 Ng4 17. Rf1 b5 18. Ncd2 Bf6 19. h3 Ne5 20. Nxe5 Bxe5 21. c3 Rd3 22. Kc2 Rhd8 23. Rad1 f5 24. a4 a6 25. axb5 axb5 26. Rfe1 Bf6 27. Nf1 Rxd1 28. Rxd1 Rxd1 29. Kxd1 Kc6 30. Kd2 g6 31. Ne3 c4 32. Ke2 Be7 33. f4 Bd6 34. Kf3 Bc5 1/2-1/2

[Event "Sochi"]
[Site "Sochi"]
[Date "1993.??.??"]
[Round "?"]
[White "Beshukov, Sergei"]
[Black "Neverov, Valeriy"]
[Result "0-1"]
[WhiteElo "2445"]
[BlackElo "2535"]
[PlyCount "108"]
[EventDate "1993.09.??"]
[Source "ChessBase"]

1. e4 c5 2. Nf3 e6 3. g3 Nc6 4. Bg2 Nf6 5. d3 d5 6. Qe2 Be7 7. O-O b5 8. e5 Nd7 9. h4 h6 10. h5 a5 11. c3 a4 12. Nbd2 c4 13. d4 a3 14. bxa3 Bxa3 15. Bxa3 Rxa3 16. Nb1 Ra7 17. a3 O-O 18. Ra2 f6 19. exf6 Nxf6 20. Nh4 Ne7 21. Rb2 Bd7 22. Bh3 Ne4 23. Qe1 e5 24. Bxd7 Qxd7 25. f3 Ng5 26. Qxe5 Nf5 27. Nxf5 Rxf5 28. Qe3 Qf7 29. f4 Re7 30. Qc1 Nh3+ 31. Kg2 Rxh5 32. Qd1 Qf5 33. Qf3 Nxf4+ 34. gxf4 Rh4 35. Kg1 Re6 36. Rbf2 Rg4+ 37. Kh1 Rh4+ 38. Kg1 Rh3 39. Qg2 Ree3 40. Rf3 Rhxf3 41. Rxf3 Qxb1+ 42. Kh2 Re7 43. f5 Qd1 44. f6 Re2 45. f7+ Kf8 46. Rf2 Rxf2 47. Qxf2 Qh5+ 48. Kg1 Qg6+ 49. Kh2 Qd6+ 50. Kh1 Qxa3 51. Qf5 Qc1+ 52. Kh2 Qd2+ 53. Kh1 Qe1+ 54. Kh2 Qh4+ 0-1

[Event "Bad Endbach"]
[Site "Bad Endbach"]
[Date "1995.??.??"]
[Round "?"]
[White "Kaminski, Marcin"]
[Black "Bischoff, Klaus"]
[Result "1/2-1/2"]
[WhiteElo "2455"]
[BlackElo "2525"]
[PlyCount "71"]
[EventDate "1995.04.??"]
[Source "ChessBase"]

1. e4 c5 2. Nf3 e6 3. d3 Nc6 4. g3 d5 5. Qe2 Nf6 6. Bg2 Be7 7. O-O O-O 8. Nbd2 a5 9. a4 b6 10. e5 Nd7 11. Re1 Nb4 12. Nf1 Ba6 13. c4 Nb8 14. Bf4 N8c6 15. Red1 Ra7 16. Rd2 Rd7 17. Rad1 Nd4 18. Nxd4 cxd4 19. h4 dxc4 20. dxc4 d3 21. Qg4 Rd4 22. b3 Bc8 23. Nh2 f5 24. Qh3 Bc5 25. h5 Rd7 26. Nf3 Bb7 27. Ne1 Bxg2 28. Qxg2 Bd4 29. Rc1 Qc7 30. Nf3 h6 31. Nxd4 Rxd4 32. f3 Nd5 33. Qf2 Qc5 34. Rcd1 Nxf4 35. gxf4 Rfd8 36. Qe3 1/2-1/2

[Event "AUT-chT 9899"]
[Site "?"]
[Date "1999.??.??"]
[Round "?"]
[White "Rabiega Robert"]
[Black "Schmittdiel Eckhard"]
[Result "1/2-1/2"]
[WhiteElo "2520"]
[BlackElo "2460"]
[PlyCount "46"]
[EventDate "1999.??.??"]
[Source "www.chesslib.no"]
[SourceDate "2004.05.04"]

1. e4 c5 2. Nf3 e6 3. d3 Nc6 4. g3 d5 5. Qe2 Nf6 6. Bg2 Be7 7. O-O O-O 8. e5 Nd7 9. c4 Nb6 10. Bf4 f5 11. exf6 Bxf6 12. Nc3 e5 13. Nxe5 Nd4 14. Qh5 g6 15. Nxg6 hxg6 16. Qxg6+ Bg7 17. Nxd5 Ne2+ 18. Kh1 Nxf4 19. Nxf4 Bf5 20. Qh5 Qe8 21. Qg5 Qd8 22. Qh5 Qe8 23. Qg5 Qd8 1/2-1/2

[Event "JUG Team Ch"]
[Site "Igalo"]
[Date "1994.??.??"]
[Round "3"]
[White "Cabrilo, Goran"]
[Black "Abramovic, Bosko"]
[Result "1/2-1/2"]
[WhiteElo "2480"]
[BlackElo "2500"]
[PlyCount "148"]
[EventDate "1994.??.??"]
[Source "www.chesslib.no"]
[SourceDate "2004.05.04"]

1. e4 c5 2. Nf3 e6 3. d3 d5 4. Qe2 Nf6 5. g3 Be7 6. Bg2 Nc6 7. O-O h6 8. h3 O-O 9. e5 Nh7 10. c3 Qc7 11. Re1 b5 12. Nbd2 Rd8 13. h4 Rb8 14. Nb3 b4 15. c4 a5 16. Bf4 a4 17. Nbd2 Ba6 18. Rac1 Rd7 19. cxd5 Rxd5 20. Nc4 Rbd8 21. Red1 Nf8 22. h5 Nd4 23. Nxd4 Rxd4 24. Be3 R4d7 25. Nd6 Bxd6 26. exd6 Qxd6 27. Bxc5 Qb8 28. Qg4 Bb7 29. Qxb4 Bxg2 30. Kxg2 Qa8+ 31. Kg1 Nh7 32. Be3 Nf6 33. Qh4 Rd5 34. g4 Qa5 35. Qg3 Kh7 36. Qf3 Qb4 37. d4 Qxb2 38. Rc7 R5d7 39. Rxd7 Rxd7 40. g5 hxg5 41. h6 g4 42. Qf4 Qe2 43. Rc1 Rd5 44. hxg7 Ng8 45. Qxf7 Qf3 46. Qxf3 gxf3 47. Rc7 Nf6 48. Re7 Rb5 49. Rxe6 Kxg7 50. Kh2 Kf7 51. Ra6 Ne4 52. Kh3 Rb2 53. Rxa4 Nxf2+ 54. Kg3 Ne4+ 55. Kxf3 Nc3 56. Ra7+ Ke6 57. Ra6+ Kd5 58. Ra5+ Rb5 59. Ra8 Rb2 60. Rc8 Nxa2 61. Rc5+ Ke6 62. Ke4 Nb4 63. Rb5 Nd3 64. d5+ Kd6 65. Ra5 Nf2+ 66. Kd4 Rb4+ 67. Kc3 Nd1+ 68. Kxb4 Nxe3 69. Kc3 Nxd5+ 70. Kd4 Nc7 71. Ke4 Ke6 72. Rh5 Kd6 73. Rh6+ Kc5 74. Ke5 Nb5 1/2-1/2

[Event "TCh-CZE 2002-3"]
[Site "Czech Rep"]
[Date "2003.03.15"]
[Round "8"]
[White "Lipka, Juraj"]
[Black "Oral, Tomas"]
[Result "1/2-1/2"]
[WhiteElo "2428"]
[BlackElo "2550"]
[PlyCount "43"]
[EventDate "2003.01.01"]
[Source "Roberto Alvarez"]
[SourceDate "2003.04.28"]

1. e4 c5 2. Nf3 e6 3. d3 Nc6 4. g3 d5 5. Qe2 Nge7 6. Bg2 g6 7. O-O Bg7 8. Re1 b6 9. e5 h6 10. h4 Nf5 11. c3 Bb7 12. Na3 Rc8 13. Nc2 O-O 14. Bf4 Qe7 15. a3 a6 16. Ne3 d4 17. Nxf5 exf5 18. cxd4 cxd4 19. Rac1 Rfe8 20. b4 Qd7 21. Qb2 Kh7 22. b5 1/2-1/2

[Event "JUG-chT"]
[Site "Herceg Novi"]
[Date "2001.05.??"]
[Round "3"]
[White "Brenjo, Slavisa"]
[Black "Malakhatko, Vadim"]
[Result "1-0"]
[WhiteElo "2464"]
[BlackElo "2513"]
[PlyCount "81"]
[EventDate "2001.05.??"]
[Source "ChessBase"]
[SourceDate "2001.07.03"]

1. e4 c5 2. Nf3 e6 3. d3 Nc6 4. g3 d5 5. Nbd2 b6 6. c3 Nf6 7. Qa4 Bb7 8. Bg2 a6 9. O-O b5 10. Qc2 Be7 11. Re1 O-O 12. e5 Nd7 13. Nf1 d4 14. h4 Rc8 15. N1h2 Nb6 16. h5 c4 17. dxc4 Nxc4 18. Rd1 Qb6 19. Ng4 dxc3 20. bxc3 Rfd8 21. Bg5 Qc7 22. Bxe7 Qxe7 23. h6 g6 24. Re1 b4 25. Qe2 Nb6 26. cxb4 Nxb4 27. Red1 N6d5 28. a3 Nc2 29. Rac1 Nxa3 30. Rxc8 Rxc8 31. Qb2 Nb5 32. Nd4 Ndc3 33. Rd3 Bxg2 34. Kxg2 Qb7+ 35. Kh2 Na4 36. Qd2 Rf8 37. Nf3 Nc5 38. Rd8 Qe7 39. Nf6+ Kh8 40. Ng5 Nc7 41. Qd6 1-0

[Event "MK Cafe op-A"]
[Site "Koszalin"]
[Date "1997.08.11"]
[Round "10"]
[White "Poluljahov, Aleksandr"]
[Black "Pedzich, Dominik"]
[Result "1/2-1/2"]
[WhiteElo "2510"]
[BlackElo "2465"]
[PlyCount "120"]
[EventDate "1997.08.03"]
[Source "ChessBase"]
[SourceDate "1997.09.26"]

1. e4 c5 2. Nf3 e6 3. d3 Nc6 4. g3 d5 5. Qe2 Be7 6. Bg2 Nf6 7. O-O O-O 8. e5 Ne8 9. c4 Bd7 10. h4 Nc7 11. Bf4 Rb8 12. Nc3 Nd4 13. Nxd4 cxd4 14. Nb1 Bc6 15. Nd2 dxc4 16. dxc4 Bxg2 17. Kxg2 b5 18. b3 Qd7 19. Rad1 Rfd8 20. Ne4 bxc4 21. bxc4 Ne8 22. Qf3 Rbc8 23. Rc1 f5 24. exf6 Nxf6 25. Rfd1 Nxe4 26. Qxe4 Bf6 27. c5 Qd5 28. Qxd5 Rxd5 29. Bd6 d3 30. Kf3 d2 31. Rb1 a5 32. Rb3 Bc3 33. Rxc3 Rxd6 34. cxd6 Rxc3+ 35. Ke4 Rc8 36. Rxd2 Kf7 37. d7 Rd8 38. Ke5 Ke7 39. Rd6 Rxd7 40. Rxe6+ Kf7 41. Ra6 Rd2 42. Rxa5 Rxf2 43. a4 Re2+ 44. Kf4 Rf2+ 45. Kg4 Ra2 46. Rf5+ Ke6 47. Rf4 Ra3 48. Rb4 Kf6 49. h5 Ra1 50. Rf4+ Ke6 51. Kg5 Rc1 52. g4 Rc5+ 53. Rf5 Rc4 54. a5 h6+ 55. Kh4 Rc3 56. Rb5 Ra3 57. Rb6+ Kf7 58. Rb5 Kf6 59. Rc5 Ke6 60. Rf5 Rb3 1/2-1/2

[Event "Chigorin mem"]
[Site "St Petersburg"]
[Date "1999.11.07"]
[Round "6"]
[White "Kiik, Kalle"]
[Black "Malakhatko, Vadim"]
[Result "1/2-1/2"]
[WhiteElo "2438"]
[BlackElo "2537"]
[PlyCount "43"]
[EventDate "1999.11.02"]
[Source "ChessBase"]
[SourceDate "2000.02.01"]

1. e4 c5 2. Nf3 e6 3. d3 Nc6 4. g3 d5 5. Qe2 Nf6 6. Bg2 Be7 7. O-O O-O 8. e5 Nd7 9. c4 d4 10. h4 h6 11. Re1 Rb8 12. Bf4 a6 13. Nbd2 b5 14. Nh2 Nb4 15. Ne4 bxc4 16. dxc4 Rb6 17. Ng4 h5 18. Ngf6+ gxf6 19. Qxh5 f5 20. Ng5 Bxg5 21. Bxg5 f6 22. Qg6+ 1/2-1/2

[Event "Novgorod op"]
[Site "Novgorod"]
[Date "1999.03.19"]
[Round "1"]
[White "Poluljahov, Aleksandr"]
[Black "Iljushkin, Evgeny"]
[Result "1-0"]
[WhiteElo "2566"]
[BlackElo "2405"]
[PlyCount "174"]
[EventDate "1999.03.19"]
[Source "ChessBase"]
[SourceDate "1999.05.10"]

1. e4 c5 2. Nf3 e6 3. d3 Nc6 4. g3 d5 5. Qe2 Nge7 6. Bg2 Nd4 7. Nxd4 cxd4 8. Nd2 dxe4 9. Nxe4 Nd5 10. O-O Be7 11. Qg4 g6 12. Qe2 O-O 13. h4 Re8 14. Bd2 Bd7 15. c4 dxc3 16. bxc3 Bc6 17. Rab1 Qd7 18. c4 Nf6 19. Bc3 Nxe4 20. Bxe4 Rad8 21. h5 Bc5 22. Bxc6 bxc6 23. Rfd1 e5 24. Kg2 Qf5 25. hxg6 hxg6 26. Qf3 Qxf3+ 27. Kxf3 Rxd3+ 28. Rxd3 e4+ 29. Ke2 exd3+ 30. Kxd3 f5 31. Rb7 Re6 32. f3 Bf2 33. Bd2 Kf8 34. g4 fxg4 35. fxg4 Ke8 36. Bf4 Bc5 37. a4 Rf6 38. Ke4 Re6+ 39. Kd3 Rf6 40. Ke4 Re6+ 41. Kf3 Re1 42. a5 Rf1+ 43. Ke4 Re1+ 44. Kd3 Rg1 45. g5 Rg4 46. Bd2 Rg3+ 47. Ke4 Rg2 48. Bf4 Re2+ 49. Kf3 Rf2+ 50. Kg3 Rc2 51. Rg7 Rxc4 52. Rxg6 Be7 53. Rh6 Rc5 54. Rh8+ Kf7 55. Rh7+ Ke6 56. g6 Rxa5 57. g7 Kf7 58. g8=Q+ Kxg8 59. Rxe7 Rf5 60. Rxa7 Rf7 61. Ra6 Rf5 62. Rxc6 Kf7 63. Kf3 Rf6 64. Rc7+ Kg6 65. Ke4 Rf7 66. Rc1 Ra7 67. Rg1+ Kf7 68. Be5 Ra2 69. Rg7+ Ke6 70. Rg6+ Kf7 71. Rf6+ Ke7 72. Rc6 Rf2 73. Kd5 Rd2+ 74. Bd4 Kd7 75. Ra6 Rc2 76. Ra1 Rc7 77. Be5 Rb7 78. Bd6 Rb2 79. Ra7+ Kd8 80. Ke6 Re2+ 81. Be5 Kc8 82. Rc7+ Kd8 83. Rb7 Rc2 84. Rb1 Rc4 85. Kd6 Ke8 86. Rf1 Rc2 87. Ke6 Rd2 1-0

[Event "Neuchatel (Switzerland)"]
[Site "?"]
[Date "1998.05.??"]
[Round "4"]
[White "Glek Igor V"]
[Black "Vehi Bach Victor Manuel"]
[Result "1-0"]
[WhiteElo "2580"]
[BlackElo "2390"]
[PlyCount "51"]
[EventDate "1998.??.??"]
[Source "www.chesslib.no"]
[SourceDate "2004.05.04"]

1. e4 c5 2. Nf3 e6 3. d3 Nc6 4. g3 d5 5. Qe2 dxe4 6. dxe4 e5 7. c3 Nf6 8. Na3 h6 9. Nc4 Qc7 10. Bg2 Be7 11. O-O Be6 12. Nh4 O-O 13. f4 Rfd8 14. Nf5 Bxc4 15. Qxc4 Bf8 16. Qe2 Ne7 17. Ne3 Rac8 18. Bh3 Ra8 19. Nc4 exf4 20. Bxf4 Qc6 21. Rae1 Ng6 22. e5 Nd5 23. e6 fxe6 24. Bxh6 gxh6 25. Qg4 Nde7 26. Rxe6 1-0

[Event "White Nights, St Petersburg RUS"]
[Site "?"]
[Date "2001.??.??"]
[Round "3"]
[White "Beshukov, S."]
[Black "Shaposhnikov, E."]
[Result "1/2-1/2"]
[WhiteElo "2460"]
[BlackElo "2510"]
[PlyCount "96"]
[EventDate "2001.??.??"]
[Source "www.chesslib.no"]
[SourceDate "2004.05.04"]

1. e4 c5 2. Nf3 e6 3. d3 d5 4. Qe2 Nc6 5. g3 Nf6 6. Bg2 Be7 7. O-O O-O 8. e5 Nd7 9. c4 Nb6 10. h4 Bd7 11. Nc3 Rc8 12. b3 Nd4 13. Nxd4 cxd4 14. Nb1 dxc4 15. dxc4 Bc6 16. Rd1 Bxg2 17. Kxg2 Bc5 18. Bf4 Qc7 19. Nd2 Rfd8 20. Nf3 Qc6 21. Rd3 Na8 22. Kh2 b5 23. cxb5 Qxb5 24. Qe4 Nb6 25. a4 Qe8 26. Nxd4 Nd5 27. Rad1 Bxd4 28. Rxd4 Rb8 29. R1d3 Rb7 30. Rf3 Rdb8 31. Qc2 Nb4 32. Qd1 Nd5 33. Qc2 Rb6 34. Rc4 Qd7 35. Bc1 Nb4 36. Qd2 Nd5 37. Qc2 Qb7 38. Qd1 h6 39. Ba3 Rxb3 40. Rxb3 Qxb3 41. Qxb3 Rxb3 42. Rc8+ Kh7 43. Bd6 Rb2 44. Kg1 Ra2 45. Rf8 f6 46. exf6 Nxf6 47. Rf7 Rxa4 48. Re7 a5 1/2-1/2

[Event "Jugoslavija"]
[Site "?"]
[Date "1997.??.??"]
[Round "?"]
[White "Certic, B."]
[Black "Horvath, Jozsef"]
[Result "1/2-1/2"]
[WhiteElo "2435"]
[BlackElo "2535"]
[PlyCount "32"]
[EventDate "1997.??.??"]
[Source "ChessBase"]
[SourceDate "1997.06.01"]

1. e4 c5 2. Nf3 e6 3. d3 Nc6 4. g3 d5 5. Qe2 Nge7 6. h4 e5 7. Nbd2 f6 8. c3 Bg4 9. Bh3 Bxh3 10. Rxh3 Qd7 11. Rh1 d4 12. c4 Nc8 13. Kf1 Be7 14. h5 Nd6 15. Kg2 O-O-O 16. a3 Kb8 1/2-1/2

[Event "BL2-West 0304"]
[Site "Germany"]
[Date "2004.??.??"]
[Round "?.1"]
[White "Breder, Dennis"]
[Black "Potkin, Vladimir"]
[Result "0-1"]
[WhiteElo "2455"]
[BlackElo "2515"]
[PlyCount "48"]
[EventDate "2003.10.??"]
[Source "Roberto Alvarez"]
[SourceDate "2004.07.26"]

1. e4 c5 2. Nf3 e6 3. g3 Nc6 4. Bg2 Nf6 5. Qe2 d5 6. d3 Be7 7. O-O b5 8. Re1 O-O 9. e5 Nd7 10. c3 a5 11. Bf4 Ba6 12. Nbd2 a4 13. h4 b4 14. c4 Nb6 15. b3 Ra7 16. Nf1 Rd7 17. N1h2 Bb7 18. Ng5 Nd4 19. Qh5 h6 20. Ng4 Nf5 21. cxd5 Bxd5 22. Ne4 Bxe4 23. Bxe4 g6 24. Nxh6+ Kh7 0-1

[Event "Mitropa Cup 2008"]
[Site "Olbia ITA"]
[Date "2008.06.03"]
[Round "9.2"]
[White "Godena, Michele"]
[Black "Baumegger, Siegfried"]
[Result "1/2-1/2"]
[WhiteElo "2528"]
[BlackElo "2440"]
[PlyCount "96"]
[EventDate "2008.05.25"]
[Source "www.chesslib.no"]
[SourceDate "2004.05.04"]

1. e4 c5 2. Nf3 e6 3. g3 Nc6 4. Bg2 Nf6 5. d3 d5 6. Qe2 Be7 7. O-O O-O 8. e5 Ne8 9. c3 Bd7 10. h4 Nc7 11. Bg5 f6 12. exf6 Bxf6 13. Qe3 Qe7 14. Bxf6 Rxf6 15. Ne5 Nxe5 16. Qxe5 Bb5 17. Qe2 c4 18. d4 Raf8 19. Nd2 Be8 20. f4 Bg6 21. Rf2 Qe8 22. Qe5 Qd7 23. Re1 Bf5 24. Bf3 Rg6 25. Kh2 Ne8 26. h5 Rgf6 27. g4 Bd3 28. Bg2 h6 29. Bh3 Kh8 30. g5 hxg5 31. Bxe6 Qd6 32. Bxd5 gxf4 33. Nxc4 Qd8 34. Qg5 Bxc4 35. Bxc4 f3 36. Bd3 Nd6 37. Bg6 Qc7 38. Kh1 Nf5 39. Rg1 Nh6 40. Be4 Rf4 41. Bd3 R8f6 42. Rg3 Qd7 43. Bb5 Qf7 44. Bc4 Qc7 45. Bd3 Qd7 46. Bb5 Qf7 47. Bc4 Qc7 48. Bd3 Qd7 1/2-1/2

[Event "Mondariz op"]
[Site "?"]
[Date "1997.??.??"]
[Round "?"]
[White "Strikovic Aleksa"]
[Black "Paramos Dominguez Roberto"]
[Result "1/2-1/2"]
[WhiteElo "2560"]
[BlackElo "2405"]
[PlyCount "119"]
[EventDate "1997.??.??"]
[Source "www.chesslib.no"]
[SourceDate "2004.05.04"]

1. e4 c5 2. Nf3 e6 3. d3 d5 4. Qe2 Nf6 5. g3 Be7 6. Bg2 Nc6 7. O-O b6 8. e5 Nd7 9. c4 d4 10. Nfd2 Bb7 11. f4 Qc7 12. Ne4 O-O-O 13. Na3 a6 14. Nc2 h6 15. Bd2 Rdg8 16. a3 Nd8 17. b4 g5 18. bxc5 bxc5 19. Rab1 Bc6 20. Rb2 Rg7 21. Na1 f5 22. exf6 Nxf6 23. Nxf6 Bxf6 24. Nb3 Re8 25. Bxc6 Qxc6 26. Na5 Qc7 27. Qe4 gxf4 28. Bxf4 Qxa5 29. Rb8+ Kd7 30. Rfb1 Ke7 31. Bxh6 Kf7 32. Bxg7 Bxg7 33. Qh7 Re7 34. Rf1+ Ke8 35. Qg8+ Kd7 36. Rfb1 Be5 37. Ra8 Bc7 38. Qg5 Nf7 39. Qf6 Nd6 40. Ra7 Rf7 41. Qe5 Qxa3 42. Re1 Re7 43. g4 Qb4 44. Rxa6 Nf7 45. Qe4 Ne5 46. Raa1 Qd2 47. Rad1 Qh6 48. Re2 Nxg4 49. Rdd2 Rg7 50. Rg2 Bxh2+ 51. Rxh2 Nxh2+ 52. Rg2 Rxg2+ 53. Kxg2 Qd2+ 54. Kh1 Kd6 55. Qh4 Nf1 56. Qd8+ Ke5 57. Qg5+ Kd6 58. Qd8+ Kc6 59. Qc8+ Kd6 60. Qd8+ 1/2-1/2